000 01070nam a2200229 a 4500
001 000043778
005 20201002044950.0
008 140428s1994 dr 000 0 spa d
040 _aDO-SdBNP
_bspa
_cBNPHU
082 _a657.453
_bR969m
100 1 _aRusso Báez, Elba Luz
_971618
245 1 0 _aManual de referencias para el auditor de informática :
_bnivel I /
_cElba Luz Russo Báez.
260 _aSanto Domingo :
_bCorripio,
_c1994.
300 _a199 p. ;
_c24 cm.
500 _aIncluye datos biográficos del autor en la solapa de la cubierta.
504 _aBibliografía: p.197-199.
505 0 _gIntroducción --
_tConceptos generales del procesamiento electrónico de los datos --
_tLa función de control --
_tEl auditor y la informática --
_tAspectos generales, operacionales y administrativos para el desarrollo de la auditoría de informática --
_tActividades generales.
590 _aInventariado, 2018/ YL
650 4 _aAuditoría de sistemas
_971619
650 4 _aAuditoría
_xProcesamiento de datos
_971620
910 _aValidado. Control de calidad EMS
999 _c43267
_d43267